00317nam a2200133Ia 4500003000400000008004100004020002200045040000800067100001400075245004200089260002800131300001300159365001100172LDD181029s9999 xx 000 0 und d a195680162c525.00 cLDD aRoy, Asim 0aIslam in History & PoliticscAsim Roy aNew DelhibOxfordc2006 axi, 224p b525.00